Alcoholismo juvenil : prevención y tratamiento /

Guía de apoyo para la prevención, el diagnóstico y el tratamiento del consumo excesivo de alcohol durante la adolescencia, dirigido a profesionales de la salud, educadores y padres de familia.

Guardado en:
书目详细资料
主要作者: Secades Villa, Roberto (autor)
格式: 图书
语言:西班牙语
出版: Madrid, España : Pirámide, 1998, c1998
丛编:(Ojos Solares. Tratamiento)
主题:
标签: 添加标签
没有标签, 成为第一个标记此记录!

MARC

LEADER 00000nam^a2200000^a^4500
001 000114504
005 20250521000000.0
009 20260526122730.371
037 |a Acervo ITESO - Biblioteca 
041 |a ESP 
082 |a 616. 861  |b SEC 
100 |a Secades Villa, Roberto  |e (autor) 
245 1 0 |a Alcoholismo juvenil :  |b prevención y tratamiento /  |c R. Secades Villa. 
264 4 |a Madrid, España :  |b Pirámide,  |c 1998, c1998 
300 |a 159 p. 
336 |a texto  |b txt  |2 rdacontenido 
337 |a sin mediación  |b n  |2 rdamedio 
338 |a volumen  |b nc  |2 rdasoporte 
440 1 |a (Ojos Solares.  |p Tratamiento) 
520 |a Guía de apoyo para la prevención, el diagnóstico y el tratamiento del consumo excesivo de alcohol durante la adolescencia, dirigido a profesionales de la salud, educadores y padres de familia. 
649 |a XX 
650 |a Adolescentes 
650 |a Alcoholismo -  |x Prevención 
650 |a Alcoholismo -  |x Rehabilitación 
650 |a Alcoholismo -  |x Aspectos Sociales y Culturales 
650 |a Adicciones 
650 |a Conducta Antisocial 
650 |a Problemas Sociales 
650 |a Psicoterapia 
650 |a Psicología Clínica 
650 |a Medicina 
910 |a Fondo General 
920 |a Impresos - Libros 
930 |a Colección General 
905 |a 101 
901 |a 0500050103  |b IT1  |c ACC  |u 20250521 
901 |a 0500072260  |b IT1  |c ACC  |u 20250521 
902 |a https://opac.biblio.iteso.mx/vufind/Record/000114504